[Event "DEM U10w 2024"]
[Site "Willingen GER"]
[Date "2024.05.24"]
[Round "9"]
[White "Tiuca, Emma"]
[Black "Winkler, Anni"]
[Result "0-1"]
[Termination "normal"]
[Board "6"]
[WhiteElo "1516"]
[BlackElo "1426"]
[WhiteClock "00:21:06"]
[BlackClock "00:02:37"]
[PlyCount "82"]
[WhiteFideId "4007549"]
[BlackFideId "34622349"]
[EventCountry "GER"]
[EventRounds "11"]
[EventType "swiss"]
[EventDate "2024.05.18"]

1. e4 {[%clk 01:15:57]} {[%emt 00:00:02]} c5 {[%clk 01:13:55]} {[%emt
00:02:06]} 2. Nc3 {[%clk 01:16:11]} {[%emt 00:00:13]} Nc6 {[%clk 01:13:10]}
{[%emt 00:01:17]} 3. g3 {[%clk 01:15:54]} {[%emt 00:00:45]} g6 {[%clk
01:10:40]} {[%emt 00:03:02]} 4. Bg2 {[%clk 01:15:50]} {[%emt 00:00:31]} Bg7
{[%clk 01:09:56]} {[%emt 00:01:15]} 5. f4 {[%clk 01:15:29]} {[%emt 00:00:50]}
e6 {[%clk 01:02:37]} {[%emt 00:07:52]} 6. Nf3 {[%clk 01:14:50]} {[%emt
00:01:07]} Nge7 {[%clk 01:00:55]} {[%emt 00:02:14]} 7. O-O {[%clk 01:13:33]}
{[%emt 00:01:44]} O-O {[%clk 00:59:45]} {[%emt 00:01:42]} 8. d3 {[%clk
01:13:18]} {[%emt 00:00:43]} b6 {[%clk 00:55:53]} {[%emt 00:04:25]} 9. Be3
{[%clk 01:12:50]} {[%emt 00:00:54]} d5 {[%clk 00:48:20]} {[%emt 00:08:07]} 10.
Bf2 {[%clk 01:11:51]} {[%emt 00:01:27]} d4 {[%clk 00:36:35]} {[%emt 00:12:14]}
11. Ne2 {[%clk 01:10:46]} {[%emt 00:01:31]} Bb7 {[%clk 00:34:20]} {[%emt
00:02:51]} 12. h3 {[%clk 01:08:50]} {[%emt 00:02:25]} Qc7 {[%clk 00:27:26]}
{[%emt 00:07:26]} 13. g4 {[%clk 01:05:41]} {[%emt 00:03:33]} Rad8 {[%clk
00:23:53]} {[%emt 00:04:08]} 14. Qd2 {[%clk 01:00:45]} {[%emt 00:05:23]} Rd7
{[%clk 00:17:08]} {[%emt 00:07:19]} 15. Bg3 {[%clk 00:59:06]} {[%emt 00:02:04]}
Qc8 {[%clk 00:13:25]} {[%emt 00:04:17]} 16. h4 {[%clk 00:58:40]} {[%emt
00:00:50]} f5 {[%clk 00:11:26]} {[%emt 00:02:35]} 17. g5 {[%clk 00:56:40]}
{[%emt 00:02:26]} fxe4 {[%clk 00:09:45]} {[%emt 00:02:15]} 18. dxe4 {[%clk
00:56:47]} {[%emt 00:00:22]} Nd8 {[%clk 00:07:21]} {[%emt 00:02:56]} 19. e5
{[%clk 00:55:44]} {[%emt 00:01:25]} Nf5 {[%clk 00:06:57]} {[%emt 00:01:02]} 20.
Bh3 {[%clk 00:51:55]} {[%emt 00:04:10]} Nxg3 {[%clk 00:07:02]} {[%emt
00:00:34]} 21. Nxg3 {[%clk 00:52:05]} {[%emt 00:00:17]} Qa8 {[%clk 00:05:48]}
{[%emt 00:01:47]} 22. Bg4 {[%clk 00:49:44]} {[%emt 00:02:40]} Rdf7 {[%clk
00:04:39]} {[%emt 00:01:50]} 23. Ne2 {[%clk 00:48:44]} {[%emt 00:01:24]} h5
{[%clk 00:04:35]} {[%emt 00:00:41]} 24. gxh6 {[%clk 00:49:03]} {[%emt
00:00:11]} Bxh6 {[%clk 00:04:45]} {[%emt 00:00:21]} 25. Nh2 {[%clk 00:42:29]}
{[%emt 00:06:59]} Ba6 {[%clk 00:04:44]} {[%emt 00:00:36]} 26. Rf2 {[%clk
00:39:08]} {[%emt 00:03:25]} Bxe2 {[%clk 00:03:40]} {[%emt 00:01:59]} 27. Qxe2
{[%clk 00:37:19]} {[%emt 00:02:19]} Bxf4 {[%clk 00:03:21]} {[%emt 00:00:49]}
28. Nf3 {[%clk 00:33:40]} {[%emt 00:04:07]} Qd5 {[%clk 00:02:23]} {[%emt
00:01:18]} 29. Rg2 {[%clk 00:31:51]} {[%emt 00:02:25]} Kh7 {[%clk 00:02:26]}
{[%emt 00:00:33]} 30. Re1 {[%clk 00:31:20]} {[%emt 00:00:59]} Nc6 {[%clk
00:02:22]} {[%emt 00:00:36]} 31. h5 {[%clk 00:27:17]} {[%emt 00:04:31]} Rg7
{[%clk 00:00:58]} {[%emt 00:01:57]} 32. b3 {[%clk 00:22:02]} {[%emt 00:05:45]}
gxh5 {[%clk 00:01:12]} {[%emt 00:00:16]} 33. Qd3+ {[%clk 00:22:11]} {[%emt
00:00:20]} Kh6 {[%clk 00:00:56]} {[%emt 00:00:47]} 34. Bh3 {[%clk 00:21:37]}
{[%emt 00:00:55]} Nxe5 {[%clk 00:01:05]} {[%emt 00:00:29]} 35. Qe2 {[%clk
00:19:45]} {[%emt 00:02:18]} Nxf3+ {[%clk 00:01:15]} {[%emt 00:00:24]} 36. Kh1
{[%clk 00:19:26]} {[%emt 00:00:46]} Nxe1 {[%clk 00:01:36]} {[%emt 00:00:13]}
37. Qxe1 {[%clk 00:19:48]} {[%emt 00:00:07]} Rxg2 {[%clk 00:01:56]} {[%emt
00:00:10]} 38. Bxg2 {[%clk 00:20:08]} {[%emt 00:00:09]} Qg5 {[%clk 00:02:05]}
{[%emt 00:00:22]} 39. Qxe6+ {[%clk 00:20:28]} {[%emt 00:00:10]} Rf6 {[%clk
00:02:12]} {[%emt 00:00:24]} 40. Qe8 {[%clk 00:20:44]} {[%emt 00:00:12]} Qh4+
{[%clk 00:02:26]} {[%emt 00:00:18]} 41. Kg1 {[%clk 00:21:06]} {[%emt 00:00:06]}
Bh2+ {[%clk 00:02:37]} {[%emt 00:00:19]} 0-1

[Event "DEM U10w 2024"]
[Site "Willingen GER"]
[Date "2024.05.24"]
[Round "9"]
[White "Ruddat, Maila"]
[Black "Subocz, Emma"]
[Result "1-0"]
[Termination "normal"]
[Board "7"]
[WhiteElo "1522"]
[BlackElo "1028"]
[WhiteClock "00:09:20"]
[BlackClock "00:48:33"]
[PlyCount "83"]
[WhiteFideId "34628100"]
[BlackFideId "41805666"]
[EventCountry "GER"]
[EventRounds "11"]
[EventType "swiss"]
[EventDate "2024.05.18"]

1. e4 {[%emt 00:00:17]} e5 {[%clk 01:15:55]} {[%emt 00:00:03]} 2. Nf3 {[%clk
01:16:01]} {[%emt 00:00:14]} Nc6 {[%clk 01:16:19]} {[%emt 00:00:06]} 3. Bc4
{[%clk 01:15:39]} {[%emt 00:00:52]} Nf6 {[%clk 01:16:26]} {[%emt 00:00:23]} 4.
d3 {[%clk 01:15:58]} {[%emt 00:00:11]} Bc5 {[%clk 01:14:47]} {[%emt 00:02:08]}
5. c3 {[%clk 01:16:09]} {[%emt 00:00:19]} d5 {[%clk 01:14:24]} {[%emt
00:00:54]} 6. exd5 {[%clk 01:15:07]} {[%emt 00:01:31]} Nxd5 {[%clk 01:14:47]}
{[%emt 00:00:07]} 7. Qe2 {[%clk 01:13:37]} {[%emt 00:01:58]} Bg4 {[%clk
01:13:37]} {[%emt 00:01:42]} 8. h3 {[%clk 01:13:20]} {[%emt 00:00:47]} Bxf3
{[%clk 01:13:04]} {[%emt 00:01:04]} 9. Qxf3 {[%clk 01:12:56]} {[%emt 00:00:52]}
Nce7 {[%clk 01:11:28]} {[%emt 00:02:08]} 10. Bg5 {[%clk 01:10:40]} {[%emt
00:02:45]} f6 {[%clk 01:10:55]} {[%emt 00:01:04]} 11. Bh4 {[%clk 01:07:19]}
{[%emt 00:03:46]} c6 {[%clk 01:10:11]} {[%emt 00:01:19]} 12. Qh5+ {[%clk
01:06:34]} {[%emt 00:01:14]} g6 {[%clk 01:09:29]} {[%emt 00:01:13]} 13. Qh6
{[%clk 01:04:54]} {[%emt 00:02:09]} Nf5 {[%clk 01:08:20]} {[%emt 00:01:41]} 14.
Qd2 {[%clk 00:42:08]} {[%emt 00:23:16]} Nxh4 {[%clk 01:07:53]} {[%emt
00:00:57]} 15. Qe2 {[%clk 00:41:12]} {[%emt 00:01:25]} Nxg2+ {[%clk 01:07:50]}
{[%emt 00:00:33]} 16. Kf1 {[%clk 00:38:41]} {[%emt 00:02:57]} Ngf4 {[%clk
01:07:42]} {[%emt 00:00:42]} 17. Qf3 {[%clk 00:30:16]} {[%emt 00:08:52]} Qb6
{[%clk 01:05:37]} {[%emt 00:02:38]} 18. Bb3 {[%clk 00:29:07]} {[%emt 00:01:39]}
Qa6 {[%clk 01:03:24]} {[%emt 00:02:43]} 19. c4 {[%clk 00:24:03]} {[%emt
00:05:35]} Nb4 {[%clk 01:03:45]} {[%emt 00:00:09]} 20. Nd2 {[%clk 00:19:28]}
{[%emt 00:05:04]} Nbxd3 {[%clk 01:03:35]} {[%emt 00:00:41]} 21. Ne4 {[%clk
00:15:39]} {[%emt 00:04:16]} Kf7 {[%clk 00:58:00]} {[%emt 00:06:07]} 22. Nxc5
{[%clk 00:14:04]} {[%emt 00:02:05]} Nxc5 {[%clk 00:58:15]} {[%emt 00:00:14]}
23. Rd1 {[%clk 00:13:57]} {[%emt 00:00:33]} b5 {[%clk 00:56:16]} {[%emt
00:02:34]} 24. cxb5+ {[%clk 00:13:32]} {[%emt 00:00:55]} Nxb3 {[%clk 00:55:51]}
{[%emt 00:02:02]} 25. Qxb3+ {[%clk 00:15:34]} {[%emt 00:00:26]} Kg7 {[%clk
00:51:50]} {[%emt 00:04:31]} 26. bxa6 {[%clk 00:15:40]} {[%emt 00:00:25]} Rab8
{[%clk 00:51:36]} {[%emt 00:00:44]} 27. Rd7+ {[%clk 00:15:11]} {[%emt
00:00:59]} Kh6 {[%clk 00:51:53]} {[%emt 00:00:13]} 28. Qf7 {[%clk 00:13:39]}
{[%emt 00:02:02]} Rxb2 {[%clk 00:51:20]} {[%emt 00:01:04]} 29. Qg7+ {[%clk
00:13:15]} {[%emt 00:00:53]} Kg5 {[%clk 00:51:37]} {[%emt 00:00:13]} 30. h4+
{[%clk 00:13:04]} {[%emt 00:00:40]} Kf5 {[%clk 00:51:36]} {[%emt 00:00:32]} 31.
Kg1 {[%clk 00:11:49]} {[%emt 00:01:42]} Kg4 {[%clk 00:49:35]} {[%emt 00:02:35]}
32. Qxf6 {[%clk 00:09:23]} {[%emt 00:02:56]} Nh3+ {[%clk 00:49:28]} {[%emt
00:00:38]} 33. Rxh3 {[%clk 00:09:37]} {[%emt 00:00:15]} Kxh3 {[%clk 00:49:46]}
{[%emt 00:00:13]} 34. Qf3+ {[%clk 00:09:49]} {[%emt 00:00:17]} Kxh4 {[%clk
00:49:58]} {[%emt 00:00:19]} 35. Qg3+ {[%clk 00:09:55]} {[%emt 00:00:24]} Kh5
{[%clk 00:50:05]} {[%emt 00:00:23]} 36. Qxe5+ {[%clk 00:09:57]} {[%emt
00:00:28]} g5 {[%clk 00:49:26]} {[%emt 00:01:09]} 37. Rg7 {[%clk 00:09:30]}
{[%emt 00:00:54]} Rb1+ {[%clk 00:49:28]} {[%emt 00:00:30]} 38. Kg2 {[%clk
00:09:46]} {[%emt 00:00:12]} h6 {[%clk 00:49:55]} {[%emt 00:00:05]} 39. Qe2+
{[%clk 00:09:21]} {[%emt 00:00:54]} Kh4 {[%clk 00:50:11]} {[%emt 00:00:16]} 40.
Qf3 {[%clk 00:09:12]} {[%emt 00:00:36]} Rg1+ {[%clk 00:48:30]} {[%emt
00:02:13]} 41. Kxg1 {[%clk 00:09:20]} {[%emt 00:00:22]} h5 {[%clk 00:48:33]}
{[%emt 00:00:28]} 42. Qg3# {[%emt 00:00:15]} 1-0

[Event "DEM U10w 2024"]
[Site "Willingen GER"]
[Date "2024.05.24"]
[Round "9"]
[White "Mandziuk, Varvara"]
[Black "Vignesh, Sara"]
[Result "1-0"]
[Termination "normal"]
[Board "8"]
[WhiteElo "1146"]
[BlackElo "1136"]
[WhiteClock "00:20:31"]
[BlackClock "00:32:45"]
[PlyCount "85"]
[WhiteFideId "34638016"]
[BlackFideId "34674756"]
[EventCountry "GER"]
[EventRounds "11"]
[EventType "swiss"]
[EventDate "2024.05.18"]

1. e4 {[%clk 01:15:59]} c6 {[%clk 01:15:54]} {[%emt 00:00:07]} 2. d4 {[%clk
01:16:19]} {[%emt 00:00:09]} d5 {[%clk 01:16:19]} {[%emt 00:00:05]} 3. Nc3
{[%clk 01:16:41]} {[%emt 00:00:08]} dxe4 {[%clk 01:16:43]} {[%emt 00:00:06]} 4.
Nxe4 {[%clk 01:17:03]} {[%emt 00:00:08]} Nf6 {[%clk 01:17:10]} {[%emt
00:00:04]} 5. Nxf6+ {[%clk 01:17:17]} {[%emt 00:00:16]} exf6 {[%clk 01:17:31]}
{[%emt 00:00:09]} 6. Nf3 {[%clk 01:17:18]} {[%emt 00:00:28]} Be6 {[%clk
01:17:20]} {[%emt 00:00:41]} 7. Be3 {[%clk 01:17:03]} {[%emt 00:00:44]} Bd6
{[%clk 01:17:16]} {[%emt 00:00:35]} 8. Be2 {[%clk 01:14:46]} {[%emt 00:02:48]}
O-O {[%clk 01:16:32]} {[%emt 00:01:13]} 9. O-O {[%clk 01:14:53]} {[%emt
00:00:23]} Re8 {[%clk 01:16:18]} {[%emt 00:00:45]} 10. Re1 {[%clk 01:14:27]}
{[%emt 00:00:55]} Nd7 {[%clk 01:15:40]} {[%emt 00:01:08]} 11. a3 {[%clk
01:13:11]} {[%emt 00:01:47]} Nf8 {[%clk 01:14:00]} {[%emt 00:02:10]} 12. Rc1
{[%clk 01:11:57]} {[%emt 00:01:42]} Ng6 {[%clk 01:12:51]} {[%emt 00:01:40]} 13.
c4 {[%clk 01:11:17]} {[%emt 00:01:11]} Bc7 {[%clk 01:11:06]} {[%emt 00:02:15]}
14. h3 {[%clk 01:05:37]} {[%emt 00:06:10]} Bf4 {[%clk 01:06:12]} {[%emt
00:05:22]} 15. Bd2 {[%clk 01:01:35]} {[%emt 00:04:33]} Rc8 {[%clk 01:01:12]}
{[%emt 00:05:31]} 16. Bd3 {[%clk 00:52:31]} {[%emt 00:09:31]} Bxd2 {[%clk
00:57:16]} {[%emt 00:04:29]} 17. Qxd2 {[%clk 00:52:50]} {[%emt 00:00:11]} Ne7
{[%clk 00:54:26]} {[%emt 00:03:18]} 18. Re4 {[%clk 00:47:03]} {[%emt 00:06:17]}
Qd7 {[%clk 00:49:36]} {[%emt 00:05:18]} 19. Rh4 {[%clk 00:43:17]} {[%emt
00:04:10]} Bf5 {[%clk 00:45:45]} {[%emt 00:04:31]} 20. Re1 {[%clk 00:33:31]}
{[%emt 00:10:16]} Bxd3 {[%clk 00:43:37]} {[%emt 00:02:36]} 21. Qxd3 {[%clk
00:33:54]} {[%emt 00:00:07]} h6 {[%clk 00:42:48]} {[%emt 00:01:20]} 22. Rg4
{[%clk 00:29:54]} {[%emt 00:04:27]} Qf5 {[%clk 00:40:00]} {[%emt 00:03:20]} 23.
Qd2 {[%clk 00:28:01]} {[%emt 00:02:23]} Ng6 {[%emt 00:06:07]} 24. Rc1 {[%clk
00:25:20]} {[%emt 00:00:23]} Re4 {[%clk 00:34:24]} {[%emt 00:03:17]} 25. Qd3
{[%clk 00:20:02]} {[%emt 00:05:49]} Re1+ {[%clk 00:33:54]} {[%emt 00:00:55]}
26. Nxe1 {[%clk 00:20:11]} {[%emt 00:00:27]} Qxd3 {[%clk 00:33:53]} {[%emt
00:00:31]} 27. Nxd3 {[%clk 00:20:26]} {[%emt 00:00:14]} Re8 {[%clk 00:33:45]}
{[%emt 00:00:35]} 28. Rc2 {[%clk 00:20:28]} {[%emt 00:00:30]} f5 {[%clk
00:33:15]} {[%emt 00:01:02]} 29. Rg3 {[%clk 00:20:35]} {[%emt 00:00:21]} Re4
{[%clk 00:33:08]} {[%emt 00:00:36]} 30. d5 {[%clk 00:19:52]} {[%emt 00:01:15]}
cxd5 {[%clk 00:32:51]} {[%emt 00:00:47]} 31. cxd5 {[%clk 00:20:16]} {[%emt
00:00:06]} Rd4 {[%clk 00:33:12]} {[%emt 00:00:09]} 32. Nc5 {[%clk 00:19:44]}
{[%emt 00:01:00]} b6 {[%clk 00:32:53]} {[%emt 00:00:50]} 33. Nb3 {[%clk
00:19:58]} {[%emt 00:00:15]} Rxd5 {[%clk 00:33:01]} {[%emt 00:00:24]} 34. Rc8+
{[%clk 00:20:10]} {[%emt 00:00:18]} Kh7 {[%clk 00:33:18]} {[%emt 00:00:12]} 35.
Rc7 {[%clk 00:20:12]} {[%emt 00:00:26]} Rd1+ {[%clk 00:33:04]} {[%emt
00:00:47]} 36. Kh2 {[%clk 00:20:31]} {[%emt 00:00:10]} Rb1 {[%clk 00:33:03]}
{[%emt 00:00:32]} 37. Nd4 {[%clk 00:20:06]} {[%emt 00:00:55]} Rxb2 {[%clk
00:32:45]} {[%emt 00:00:48]} 38. Rf3 {[%clk 00:20:08]} {[%emt 00:00:25]} Nh4
{[%clk 00:32:24]} {[%emt 00:00:53]} 39. Rg3 {[%clk 00:19:38]} {[%emt 00:01:00]}
Rxf2 {[%clk 00:32:23]} {[%emt 00:00:33]} 40. Rxf7 {[%clk 00:19:57]} {[%emt
00:00:11]} Ra2 {[%clk 00:32:03]} {[%emt 00:00:49]} 41. Rfxg7+ {[%clk 00:20:08]}
{[%emt 00:00:19]} Kh8 {[%clk 00:32:20]} {[%emt 00:00:12]} 42. Rg8+ {[%clk
00:20:31]} {[%emt 00:00:08]} Kh7 {[%clk 00:32:45]} {[%emt 00:00:06]} 43. R3g7#
{[%emt 00:00:05]} 1-0

[Event "DEM U10w 2024"]
[Site "Willingen GER"]
[Date "2024.05.24"]
[Round "9"]
[White "Kühn, Nicole"]
[Black "Bashirova, Sona"]
[Result "1/2-1/2"]
[Termination "normal"]
[Board "9"]
[WhiteElo "1477"]
[BlackElo "1608"]
[WhiteClock "00:09:34"]
[BlackClock "00:06:59"]
[PlyCount "153"]
[WhiteFideId "34610510"]
[BlackFideId "34664033"]
[EventCountry "GER"]
[EventRounds "11"]
[EventType "swiss"]
[EventDate "2024.05.18"]

1. e4 {[%clk 01:15:26]} {[%emt 00:00:33]} c6 {[%clk 01:15:51]} {[%emt
00:00:10]} 2. d4 {[%clk 01:14:55]} {[%emt 00:01:01]} d5 {[%clk 01:16:15]}
{[%emt 00:00:07]} 3. exd5 {[%clk 01:14:27]} {[%emt 00:00:58]} cxd5 {[%clk
01:16:38]} {[%emt 00:00:07]} 4. Bd3 {[%clk 01:13:45]} {[%emt 00:01:11]} Nc6
{[%clk 01:16:59]} {[%emt 00:00:09]} 5. c3 {[%clk 01:13:16]} {[%emt 00:01:00]}
Nf6 {[%clk 01:17:20]} {[%emt 00:00:09]} 6. h3 {[%clk 01:12:49]} {[%emt
00:00:56]} e5 {[%clk 01:17:41]} {[%emt 00:00:10]} 7. dxe5 {[%clk 01:11:27]}
{[%emt 00:01:51]} Nxe5 {[%clk 01:17:59]} {[%emt 00:00:12]} 8. Nf3 {[%clk
01:11:04]} {[%emt 00:00:53]} Nxd3+ {[%clk 01:18:18]} {[%emt 00:00:11]} 9. Qxd3
{[%clk 01:10:43]} {[%emt 00:00:51]} Bd6 {[%clk 01:18:37]} {[%emt 00:00:10]} 10.
O-O {[%clk 01:09:30]} {[%emt 00:01:43]} O-O {[%clk 01:19:01]} {[%emt 00:00:06]}
11. Bg5 {[%clk 01:09:03]} {[%emt 00:00:57]} h6 {[%clk 01:19:23]} {[%emt
00:00:08]} 12. Bh4 {[%clk 01:08:22]} {[%emt 00:01:11]} g5 {[%clk 01:19:43]}
{[%emt 00:00:10]} 13. Bg3 {[%clk 01:08:08]} {[%emt 00:00:42]} Bxg3 {[%clk
01:20:04]} {[%emt 00:00:11]} 14. fxg3 {[%clk 01:08:17]} {[%emt 00:00:22]} g4
{[%clk 01:20:32]} {[%emt 00:00:03]} 15. Nh4 {[%clk 01:05:39]} {[%emt 00:03:07]}
gxh3 {[%clk 01:19:42]} {[%emt 00:01:21]} 16. Qf3 {[%clk 01:02:11]} {[%emt
00:03:58]} Qb6+ {[%clk 01:16:57]} {[%emt 00:03:14]} 17. Kh2 {[%clk 01:00:11]}
{[%emt 00:02:31]} Ng4+ {[%clk 01:15:28]} {[%emt 00:01:59]} 18. Kh1 {[%clk
00:58:47]} {[%emt 00:01:54]} hxg2+ {[%clk 01:13:21]} {[%emt 00:02:37]} 19. Nxg2
{[%clk 00:56:23]} {[%emt 00:02:54]} Qxb2 {[%clk 01:10:54]} {[%emt 00:02:58]}
20. Qd3 {[%clk 00:41:39]} {[%emt 00:14:34]} Qxa1 {[%clk 01:05:47]} {[%emt
00:06:16]} 21. Qc2 {[%clk 00:41:34]} {[%emt 00:00:35]} Be6 {[%clk 01:04:20]}
{[%emt 00:01:58]} 22. Nd2 {[%clk 00:40:50]} {[%emt 00:01:13]} Qxf1+ {[%clk
01:04:36]} {[%emt 00:00:14]} 23. Nxf1 {[%clk 00:41:05]} {[%emt 00:00:15]} Rac8
{[%clk 01:04:17]} {[%emt 00:00:49]} 24. Qd2 {[%clk 00:39:15]} {[%emt 00:02:20]}
Rc6 {[%clk 01:04:00]} {[%emt 00:00:47]} 25. Nh2 {[%clk 00:37:50]} {[%emt
00:01:55]} Nxh2 {[%clk 01:03:51]} {[%emt 00:00:39]} 26. Kxh2 {[%clk 00:38:01]}
{[%emt 00:00:19]} Kh7 {[%clk 01:02:34]} {[%emt 00:01:48]} 27. Qd3+ {[%clk
00:37:52]} {[%emt 00:00:39]} Kg8 {[%clk 00:56:15]} {[%emt 00:06:48]} 28. Nf4
{[%clk 00:36:42]} {[%emt 00:01:40]} b6 {[%clk 00:53:24]} {[%emt 00:03:22]} 29.
Nh5 {[%clk 00:33:37]} {[%emt 00:03:34]} Bg4 {[%clk 00:34:50]} {[%emt 00:19:04]}
30. Nf4 {[%clk 00:33:15]} {[%emt 00:00:51]} Rd8 {[%clk 00:32:50]} {[%emt
00:02:30]} 31. Qd4 {[%clk 00:30:18]} {[%emt 00:03:28]} Bf3 {[%clk 00:21:33]}
{[%emt 00:11:37]} 32. Qe3 {[%clk 00:29:12]} {[%emt 00:01:46]} Bg4 {[%clk
00:20:33]} {[%emt 00:01:29]} 33. Nxd5 {[%clk 00:28:56]} {[%emt 00:00:47]} Re6
{[%clk 00:19:03]} {[%emt 00:02:00]} 34. Qf4 {[%clk 00:26:29]} {[%emt 00:02:57]}
Rxd5 {[%clk 00:15:54]} {[%emt 00:03:38]} 35. Qxg4+ {[%clk 00:26:33]} {[%emt
00:00:26]} Rg5 {[%clk 00:16:14]} {[%emt 00:00:10]} 36. Qf3 {[%clk 00:25:50]}
{[%emt 00:01:14]} Rge5 {[%clk 00:16:08]} {[%emt 00:00:36]} 37. Qg4+ {[%clk
00:22:47]} {[%emt 00:03:30]} Kh7 {[%clk 00:16:12]} {[%emt 00:00:29]} 38. Qf3
{[%clk 00:20:33]} {[%emt 00:02:45]} Kg7 {[%clk 00:15:07]} {[%emt 00:01:35]} 39.
Qg4+ {[%clk 00:19:04]} {[%emt 00:01:57]} Kf8 {[%clk 00:15:24]} {[%emt
00:00:15]} 40. Qb4+ {[%clk 00:18:27]} {[%emt 00:01:07]} Re7 {[%clk 00:14:34]}
{[%emt 00:01:20]} 41. Qg4 {[%clk 00:17:34]} {[%emt 00:01:22]} Re2+ {[%clk
00:14:41]} {[%emt 00:00:23]} 42. Kh3 {[%clk 00:17:05]} {[%emt 00:01:00]} Rxa2
{[%clk 00:14:35]} {[%emt 00:00:37]} 43. Qc8+ {[%clk 00:16:47]} {[%emt
00:00:47]} Re8 {[%clk 00:14:05]} {[%emt 00:01:00]} 44. Qc6 {[%clk 00:16:39]}
{[%emt 00:00:38]} Re6 {[%clk 00:13:39]} {[%emt 00:00:56]} 45. Qc4 {[%clk
00:13:05]} {[%emt 00:04:04]} Ra5 {[%clk 00:12:57]} {[%emt 00:01:12]} 46. Qb4+
{[%clk 00:11:47]} {[%emt 00:01:48]} Ke8 {[%clk 00:13:02]} {[%emt 00:00:26]} 47.
Qg4 {[%clk 00:10:54]} {[%emt 00:01:20]} h5 {[%clk 00:10:45]} {[%emt 00:02:49]}
48. Qg8+ {[%clk 00:09:46]} {[%emt 00:01:39]} Ke7 {[%clk 00:10:19]} {[%emt
00:00:57]} 49. Qa8 {[%clk 00:09:27]} {[%emt 00:00:48]} Re2 {[%clk 00:08:11]}
{[%emt 00:02:38]} 50. Qb7+ {[%clk 00:08:35]} {[%emt 00:01:22]} Kf8 {[%clk
00:08:12]} {[%emt 00:00:29]} 51. Qb8+ {[%clk 00:07:55]} {[%emt 00:01:10]} Kg7
{[%clk 00:06:33]} {[%emt 00:02:09]} 52. Qd8 {[%clk 00:07:08]} {[%emt 00:01:13]}
Ree5 {[%clk 00:02:20]} {[%emt 00:04:47]} 53. Qd4 {[%clk 00:05:59]} {[%emt
00:01:40]} Rad5 {[%clk 00:02:24]} {[%emt 00:00:25]} 54. Qf4 {[%clk 00:05:22]}
{[%emt 00:01:06]} Rf5 {[%clk 00:01:50]} {[%emt 00:01:05]} 55. Qe4 {[%clk
00:04:47]} {[%emt 00:01:01]} Kg6 {[%clk 00:14:38]} {[%emt 00:02:46]} 56. Kh4
{[%clk 00:16:30]} {[%emt 00:03:43]} Rd2 {[%clk 00:10:35]} {[%emt 00:04:36]} 57.
g4 {[%clk 00:15:44]} {[%emt 00:01:16]} hxg4 {[%clk 00:09:29]} {[%emt 00:01:36]}
58. Kxg4 {[%clk 00:15:24]} {[%emt 00:00:50]} Rg2+ {[%clk 00:08:12]} {[%emt
00:01:45]} 59. Kh3 {[%clk 00:14:34]} {[%emt 00:01:14]} Rgg5 {[%clk 00:07:48]}
{[%emt 00:01:01]} 60. Kh4 {[%clk 00:11:05]} {[%emt 00:03:59]} Kh6 {[%clk
00:06:33]} {[%emt 00:01:45]} 61. Qc6+ {[%clk 00:09:05]} {[%emt 00:02:30]} f6
{[%clk 00:05:53]} {[%emt 00:01:11]} 62. Qd6 {[%clk 00:07:49]} {[%emt 00:01:45]}
Rh5+ {[%clk 00:04:50]} {[%emt 00:01:33]} 63. Kg4 {[%clk 00:07:25]} {[%emt
00:00:51]} Rfg5+ {[%clk 00:05:01]} {[%emt 00:00:22]} 64. Kf4 {[%clk 00:07:03]}
{[%emt 00:00:51]} Rh4+ {[%clk 00:05:16]} {[%emt 00:00:16]} 65. Kf3 {[%clk
00:06:59]} {[%emt 00:00:34]} Rf5+ {[%clk 00:04:03]} {[%emt 00:01:44]} 66. Kg3
{[%clk 00:06:25]} {[%emt 00:01:03]} Rhf4 {[%clk 00:03:23]} {[%emt 00:01:07]}
67. Qf8+ {[%clk 00:06:35]} {[%emt 00:00:22]} Kh7 {[%clk 00:03:39]} {[%emt
00:00:15]} 68. Qf7+ {[%clk 00:06:44]} {[%emt 00:00:22]} Kh8 {[%clk 00:03:57]}
{[%emt 00:00:12]} 69. Qf8+ {[%clk 00:07:01]} {[%emt 00:00:14]} Kh7 {[%clk
00:04:22]} {[%emt 00:00:05]} 70. Qf7+ {[%clk 00:07:25]} {[%emt 00:00:06]} Kh6
{[%clk 00:04:46]} {[%emt 00:00:06]} 71. Qf8+ {[%clk 00:07:29]} {[%emt
00:00:25]} Kh7 {[%clk 00:04:59]} {[%emt 00:00:17]} 72. Qf7+ {[%clk 00:07:48]}
{[%emt 00:00:11]} Kh8 {[%clk 00:05:26]} {[%emt 00:00:03]} 73. Qf8+ {[%clk
00:08:04]} {[%emt 00:00:14]} Kh7 {[%clk 00:05:51]} {[%emt 00:00:05]} 74. Qf7+
{[%clk 00:08:24]} {[%emt 00:00:09]} Kh8 {[%clk 00:06:19]} {[%emt 00:00:03]} 75.
Qf8+ {[%clk 00:08:46]} {[%emt 00:00:09]} Kh7 {[%clk 00:06:43]} {[%emt
00:00:05]} 76. Qf7+ {[%clk 00:09:10]} {[%emt 00:00:06]} Kh8 {[%clk 00:06:59]}
{[%emt 00:00:14]} 77. Qf8+ {[%clk 00:09:34]} {[%emt 00:00:07]} 1/2-1/2